Global human resources perspectives / (Record no. 14305)

MARC details
000 -LEADER
fixed length control field 01089nam a2200313 a 4500
001 - CONTROL NUMBER
control field 4331084
003 - CONTROL NUMBER IDENTIFIER
control field mut
005 - DATE AND TIME OF LATEST TRANSACTION
control field 20240606081310.0
008 - FIXED-LENGTH DATA ELEMENTS--GENERAL INFORMATION
fixed length control field 880225s1989 ohua b 000 0 eng d
010 ## - LIBRARY OF CONGRESS CONTROL NUMBER
LC control number 88060623
020 ## - INTERNATIONAL STANDARD BOOK NUMBER
International Standard Book Number 0538800453
035 ## - SYSTEM CONTROL NUMBER
System control number (OCoLC)19070802
040 ## - CATALOGING SOURCE
Original cataloging agency ViU
Transcribing agency mut
Modifying agency DLC
042 ## - AUTHENTICATION CODE
Authentication code lccopycat
050 04 - LIBRARY OF CONGRESS CALL NUMBER
Classification number HF5549.5.E45
Item number G62 1989
245 00 - TITLE STATEMENT
Title Global human resources perspectives /
260 ## - PUBLICATION, DISTRIBUTION, ETC.
Place of publication, distribution, etc. Cincinnati :
Name of publisher, distributor, etc. South-Western Pub. Co.,
Date of publication, distribution, etc. c1989.
300 ## - PHYSICAL DESCRIPTION
Extent xii, 173 p. :
Other physical details ill. ;
Dimensions 23 cm.
440 #0 - SERIES STATEMENT/ADDED ENTRY--TITLE
Title Global business perspectives series
500 ## - GENERAL NOTE
General note "GN60AA."
504 ## - BIBLIOGRAPHY, ETC. NOTE
Bibliography, etc. note Includes bibliographical references (p. 153-173).
650 #0 - SUBJECT ADDED ENTRY--TOPICAL TERM
Topical term or geographic name entry element Personnel management.
650 #0 - SUBJECT ADDED ENTRY--TOPICAL TERM
Topical term or geographic name entry element International business enterprises
General subdivision Personnel management.
700 1# - ADDED ENTRY--PERSONAL NAME
Personal name Sheth, Jagdish N.
700 1# - ADDED ENTRY--PERSONAL NAME
Personal name Eshghi, Golpira S.
906 ## - LOCAL DATA ELEMENT F, LDF (RLIN)
a 7
b cbc
c copycat
d 3
e opcn
f 19
g y-gencatlg
942 ## - ADDED ENTRY ELEMENTS (KOHA)
Source of classification or shelving scheme Library of Congress Classification
Koha item type Books
Holdings
Withdrawn status Lost status Source of classification or shelving scheme Damaged status Not for loan Home library Current library Shelving location Date acquired Source of acquisition Total checkouts Full call number Barcode Date last seen Price effective from Koha item type
    Library of Congress Classification     Murang'a University of Technology Library Murang'a University of Technology Library General stacks 10/11/2017 Donation-TFC   HF5549.5.E45 G62 1989 016577 30/08/2024 10/11/2017 Books